000 00704nam a2200181Ia 4500
008 090124s9999 xx 000 0 und d
082 _b17998
_a5475
100 _aबोकील वि.वि. (विष्णु विनायक)
245 _a अस्सं मोहर सुरेख बाआी
250 _a1
260 _c1970
300 _a148
600 _aबोकील वि.वि. (विष्णु विनायक)
630 _a अस्सं मोहर सुरेख बाआी
700 _aबोकील वि.वि. (विष्णु विनायक)
730 _a अस्सं मोहर सुरेख बाआी
942 _cBOOK
999 _c131939
_d131939